Statistics for Top 15 Countries with Covid-19 Deaths - 2 July

Click here to take the quiz!

General Stats

  • This quiz has been taken 19 times
  • The average score is 14 of 20

Answer Stats

country% Correct
United States
100%
Italy
95%
United Kingdom
95%
France
89%
Russia
89%
Spain
89%
Brazil
84%
Canada
79%
Germany
79%
India
79%
Mexico
79%
Iran
63%
Sweden
58%
Peru
53%
Chile
47%
Netherlands
47%
Ireland
42%
Belgium
37%
Ecuador
37%
Switzerland
21%

Score Distribution

Percentile by Number Answered

Percent of People with Each Score

Your Score History

You have not taken this quiz